Environmental policy in transition (Record no. 639416)

MARC details
000 -LEADER
fixed length control field 00851nam a2200265Ia 4500
003 - CONTROL NUMBER IDENTIFIER
control field OSt
005 - DATE AND TIME OF LATEST TRANSACTION
control field 20220926022420.0
008 - FIXED-LENGTH DATA ELEMENTS--GENERAL INFORMATION
fixed length control field 220923b |||||||| |||| 00| 0 eng d
020 ## - INTERNATIONAL STANDARD BOOK NUMBER
International Standard Book Number 4258540234
037 ## - SOURCE OF ACQUISITION
Terms of availability General Book
040 ## - CATALOGING SOURCE
Original cataloging agency RTL
Transcribing agency RTL
Language of cataloging eng
041 ## - LANGUAGE CODE
Source of code eng
Language code of text/sound track or separate title eng
110 ## - MAIN ENTRY--CORPORATE NAME
Corporate name or jurisdiction name as entry element United Nations, Economic Commission for Europe
245 #0 - TITLE STATEMENT
Title Environmental policy in transition
Remainder of title Ten years of
260 ## - PUBLICATION, DISTRIBUTION, ETC.
Place of publication, distribution, etc. New York
Name of publisher, distributor, etc. United Nations U. S. A.
Date of publication, distribution, etc. 2003
300 ## - PHYSICAL DESCRIPTION
Extent 91p.
Dimensions cm.
500 ## - GENERAL NOTE
General note Japan External Trade Organization, Symposium Proceedings, 23
650 ## - SUBJECT ADDED ENTRY--TOPICAL TERM
Topical term or geographic name entry element Environmental Economics-Europe
9 (RLIN) 231005
700 ## - ADDED ENTRY--PERSONAL NAME
Personal name United Nations, Economic Commission for Europe
942 ## - ADDED ENTRY ELEMENTS (KOHA)
Classification part X:(G:55).5.P, P3
Koha item type General Books
Source of classification or shelving scheme Colon Classification (CC)

No items available.

Copyright @ Delhi University Library System